000
00272nam a2200097Ia 4500
082
_a
617.6 WRAY
245
0
_a
Understanding your teeth & mouth
100
_a
WRAY, Alyson Poole, Dorset, 2003
_9
96611
942
_c
BK
008
210817s9999 xx 000 0 und d
999
_c
406574
_d
406573